000
00332nam a22001457a 4500
008
210311b ||||| |||| 00| 0 eng d
020
_a
0803683073
041
_a
eng
080
_a
610.73
082
_a
610.73
100
_a
3
101
_a
SHM
245
_a
Taber s Cyclopedic Medical Dictionary
_c
Thomas, C. L
942
_2
udc
_c
BK
999
_c
56451
_d
56451